000 00832nab a2200265 4500
003 BR-BrBNA
005 20260412125201.0
008 260412b bl.||||| |||| 00| 0 por d
040 _aBR-BrBNA
_bpor
072 _aQ02 ; A50 ; E13 ; J10 ; E70 ; E72
_b9205
100 _aSegalla, Amauri
245 _aSafra de resultados
_bGrãos
500 _a2 illus.
650 _aGRÃO
650 _aARROZ
650 _aINOVAÇÃO
650 _aINVESTIMENTO
650 _aARMAZENAGEM
650 _aGESTÃO
650 _aCOMERCIALIZAÇÃO
650 _aMERCADO INTERNO
773 0 _01706
_9348157
_dSão Paulo-SP Editora Três Ltda - E-mail: luizfsa@revistadinheiro.com.br 2004
_o2025-0646
_tDinheiro Rural (Brazil)
_x1807-3700
_gv. 11(132) p. 142-143; (Dec 2015-Jan 2016)
_wBR2026000481
942 _cANA
999 _c341343
_d341343